000 00760cam a22002413a 4500
001 669
003 PGUSA
005 20140828082951.0
008 960901s1996||||xxu|||||s|||||000 | eng d
040 _aPGUSA
_beng
042 _adc
050 4 _aPE
100 1 _aProject Gutenberg
245 1 4 _aThe Gutenberg Webster's Unabridged Dictionary :
_bSection T, U, V, and W
_h[electronic resource] /
_cProject Gutenberg
260 _bProject Gutenberg,
_c1996
500 _aSection T, U, V, and W
506 _aCopyrighted. Read the copyright notice inside this book for details.
516 _aElectronic text
653 _aEnglish language -- Dictionaries
830 0 _aProject Gutenberg
_v669
856 4 0 _uhttp://www.gutenberg.org/ebooks/669
942 _cEB
999 _c230020
_d230020